| 000 | 00472nam a2200181Ia 4500 | ||
|---|---|---|---|
| 005 | 20250423094837.0 | ||
| 008 | 250422s9999 xx 000 0 und d | ||
| 020 | _a0201477114 | ||
| 050 | _aTK 5105.875 .K88/ | ||
| 100 | _aKurose, James F. | ||
| 245 | 0 | _aComputer networking : a top-down approach featuring the internet | |
| 260 | _aBoston | ||
| 260 | _bAddison-Wesley | ||
| 260 | _c2001 | ||
| 300 | _a712 p | ||
| 650 | _aInternet Computer networks | ||
| 942 | _cBK | ||
| 999 |
_c28464 _d28464 |
||